000 00285nam a22001337a 4500
008 170126b xxu||||| |||| 00| 0 eng d
020 _a9780313337185
041 _aeng
080 _a61
100 _a3
101 _aSHM
245 _aALTERNATIVE MEDICINE
_cLARSON,CH
942 _2udc
_cBK
999 _c3810
_d3810